Kiến trúc sư Gaudi Nghệ thuật kiến trúc
vv
Đã lưu trong:
| Tác giả chính: | |
|---|---|
| Định dạng: | Sách |
| Năm xuất bản: |
H.
Kim Đồng
2003
|
| Phiên bản: | In lần thứ 2 |
| Series: | Tủ sách nghệ thuật
|
| Chủ đề: | |
| Tags: |
Thêm thẻ
Không có thẻ, Hãy là người đầu tiên gắn thẻ bản ghi này!
|
| LEADER | 01000nam a2200241 4500 | ||
|---|---|---|---|
| 082 | |a 720.946 |b PH104QU | ||
| 100 | |a Phạm Quang Vinh | ||
| 245 | |a Kiến trúc sư Gaudi |c Phạm Quang Vinh chủ biên, Tôn Đại, Nguyễn Luận |b Nghệ thuật kiến trúc | ||
| 250 | |a In lần thứ 2 | ||
| 260 | |a H. |b Kim Đồng |c 2003 | ||
| 300 | |a 24tr. |c 19cm | ||
| 490 | |a Tủ sách nghệ thuật | ||
| 520 | |a vv | ||
| 653 | |a Nghệ thuật | ||
| 653 | |a Kiến trúc | ||
| 653 | |a Kiến trúc sư | ||
| 653 | |a Gaudi,Antoni | ||
| 653 | |a 1852-1926 | ||
| 653 | |a Tây Ban Nha | ||
| 942 | |2 ddc |c STK0 | ||
| 999 | |c 1768 |d 1768 | ||
| 952 | |0 0 |1 0 |2 ddc |4 0 |6 720_946000000000000_PH104QU |7 1 |8 700 |9 28510 |a qbu |b qbu |c D5 |d 2014-12-10 |g 15000 |o 720.946 PH104QU |p 4758.C1 |r 0000-00-00 |w 2014-12-10 |y STK0 |0 0 |6 720_946000000000000_PH104QU | ||
| 952 | |0 0 |1 0 |2 ddc |4 0 |6 720_946000000000000_PH104QU |7 0 |8 700 |9 28511 |a qbu |b qbu |c D5 |d 2014-12-10 |g 15000 |o 720.946 PH104QU |p 4758.C2 |r 0000-00-00 |w 2014-12-10 |y STK0 |0 0 |6 720_946000000000000_PH104QU | ||